00726nam a2200193 a 450000100060000000300080000600500170001400800410003103500190007204000420009104100080013308200240014124501720016526000360033730000280037365000160040170000600041770000550047769680BD-RjUL20211209081920.0170413s1965 enka 010 0 eng d a(BD-RjUL)69892 aDLCcMCLdSERdUKMdEQOdBD-RjULbeng aeng 223a519.5bCON 196510aContributions to statistics :bpresented to P.C. Mahalanobis on the occasion of his 70th birthday /cedited by C.R. Rao, in collaboration with D.B. Lahiri ... [et al.] aOxford :bPergamon Press,c1965 a528 p. :bill. ;c28 cm 0aStatistics.1 aRao, C. Radhakrishnaq(Calyampudi Radhakrishna),d1920-1 aMahalanobis, P. C.q(Prasanta Chandra)d1893-1972.